000 00527nam a2200133Ia 4500
008 151213s9999 xx 000 0 und d
100 _aসৈয়দ সাজ্জাদ হোসেন
245 _aইংরেজী সাহিত্যেও ইতিহাস
_cসৈয়দ সাজ্জাদ হোসেন
260 _aঢাকা
_bবাংলা একাডেমী
_c1984
300 _a7320 p.
650 _aBangla
700 _aসৈয়দ সাজ্জাদ হোসেন
999 _c3890
_d3890